Стационарные методы определения коэффициентов теплопроводности: учебное пособие по лабораторной работе

Bibliografiske detaljer
Hovedforfatter: Кулешов В. Н.
Institution som forfatter: Харьковский авиационный институт
Sprog:russisk
Udgivet: Харьков, Харьковский авиационный инст-т, 1979
Fag:
Format: MixedMaterials Bog
KOHA link:https://koha.lib.tpu.ru/cgi-bin/koha/opac-detail.pl?biblionumber=111778

MARC

LEADER 00000nam0a2200000 4500
001 111778
005 20231101215023.0
035 |a (RuTPU)RU\TPU\book\120731 
090 |a 111778 
100 |a 20070320d1979 m y0rusy50 ca 
101 0 |a rus 
102 |a UA 
105 |a a j 001zy 
200 1 |a Стационарные методы определения коэффициентов теплопроводности  |e учебное пособие по лабораторной работе  |f В. Н. Кулешов  |g Харьковский авиационный институт 
210 |a Харьков  |c Харьковский авиационный инст-т  |d 1979 
215 |a 26 с.  |c ил. 
320 |a Библиогр.: с. 23. 
610 1 |a теплофизика 
610 1 |a теплофизические процессы 
610 1 |a теплопроводность 
610 1 |a коэффициенты 
610 1 |a определение 
610 1 |a лабораторные работы 
610 1 |a учебные пособия 
675 |a 536.2(076.5)  |v 3 
700 1 |a Кулешов  |b В. Н. 
712 0 2 |a Харьковский авиационный институт  |2 stltpush  |3 (RuTPU)RU\TPU\col\7321  |9 24307 
801 1 |a RU  |b 63413507  |c 20070320  |g PSBO 
801 2 |a RU  |b 63413507  |c 20080114  |g PSBO 
942 |c BK